| 000 | 00335cam a22001097a 4500 | ||
|---|---|---|---|
| 008 | 180718b1960 xxu||||| |||| 00| 0 eng d | ||
| 082 | _aK78203x54 In2 | ||
| 245 |
_aThe prevention of corruption act, 1947 _cby Ministry of Law, India |
||
| 260 |
_aDelhi _bGovernment of India Press _c1960 |
||
| 300 | _a5p. | ||
| 700 | _aIndia. Ministry of Law | ||
| 999 |
_c428988 _d428988 |
||